<?xml version="1.0" encoding="UTF-8"?><?xml-stylesheet type="text/xsl" href="static/style.xsl"?><OAI-PMH xmlns="http://www.openarchives.org/OAI/2.0/" xmlns:xsi="http://www.w3.org/2001/XMLSchema-instance" xsi:schemaLocation="http://www.openarchives.org/OAI/2.0/ http://www.openarchives.org/OAI/2.0/OAI-PMH.xsd"><responseDate>2026-04-17T06:49:28Z</responseDate><request verb="GetRecord" identifier="oai:www.recercat.cat:2117/121140" metadataPrefix="marc">https://recercat.cat/oai/request</request><GetRecord><record><header><identifier>oai:recercat.cat:2117/121140</identifier><datestamp>2025-07-17T01:53:19Z</datestamp><setSpec>com_2072_1033</setSpec><setSpec>col_2072_452950</setSpec></header><metadata><record xmlns="http://www.loc.gov/MARC21/slim" xmlns:dcterms="http://purl.org/dc/terms/" xmlns:xsi="http://www.w3.org/2001/XMLSchema-instance" xmlns:doc="http://www.lyncode.com/xoai" xsi:schemaLocation="http://www.loc.gov/MARC21/slim http://www.loc.gov/standards/marcxml/schema/MARC21slim.xsd">
   <leader>00925njm 22002777a 4500</leader>
   <datafield ind2=" " ind1=" " tag="042">
      <subfield code="a">dc</subfield>
   </datafield>
   <datafield ind2=" " ind1=" " tag="720">
      <subfield code="a">Prat Bartés, Albert</subfield>
      <subfield code="e">author</subfield>
   </datafield>
   <datafield ind2=" " ind1=" " tag="720">
      <subfield code="a">Gispert, Joan Carles</subfield>
      <subfield code="e">author</subfield>
   </datafield>
   <datafield ind2=" " ind1=" " tag="720">
      <subfield code="a">Demontfaucon, Patrick</subfield>
      <subfield code="e">author</subfield>
   </datafield>
   <datafield ind2=" " ind1=" " tag="720">
      <subfield code="a">Riera, C.</subfield>
      <subfield code="e">author</subfield>
   </datafield>
   <datafield ind2=" " ind1=" " tag="260">
      <subfield code="c">1991-07</subfield>
   </datafield>
   <datafield ind2=" " ind1=" " tag="520">
      <subfield code="a">SIGEI, Sistema Inteligente de Gestión Empresarial&#xd;
 Informatizada, tiene como objetivo construir una Interfase&#xd;
 Inteligente para facilitar a cualquier tipo de usuario no experto&#xd;
 el acceso a sistemas de información de gestión empresarial,&#xd;
 basándose en las experiencias acumuladas durante el desarrollo&#xd;
 de los proyectos INFOPE (Informatización de la Pequeña y&#xd;
 Mediana Empresa), FOCUS (Front End for Open and Closed&#xd;
 User Systems) y otros precursores (SISP e llU - Sistema&#xd;
 Integrado de Soporte a la Programación e lnterfase lnteligente&#xd;
 de Usuario). FOCUS es el proyecto ESPRIT U núm. 2620,&#xd;
 que tiene el propósito de construir KBFE's «Knowledge-based&#xd;
 front ends», es decir, interfases inteligentes entre usuarios y&#xd;
 aplicaciones (IIAU) basadas en la lógica, para el uso de&#xd;
 sistemas abiertos (componentes reutilizables de software,&#xd;
 librerías. subrutinas, ... ) y sistema-; cerrados a los usuarios&#xd;
 (paquetes, programas, etc ... ). Este informe describe el propósito&#xd;
 del proyecto, las principales líneas de investigación, y&#xd;
 el elemento clave de la estrategia para el diseño de SIGEI,que&#xd;
 es la arquitectura FOCUS para el desarrollo de KBFE's.&#xd;
 SIGEl está, en estos momentos, en fase de prototipo. La UPC&#xd;
 ha solicitado una subvención a CICYT (programa PETRI)&#xd;
 para su realización completa.</subfield>
   </datafield>
   <datafield ind2=" " ind1=" " tag="520">
      <subfield code="a">Postprint (published version)</subfield>
   </datafield>
   <datafield tag="653" ind2=" " ind1=" ">
      <subfield code="a">Àrees temàtiques de la UPC::Informàtica::Aplicacions de la informàtica</subfield>
   </datafield>
   <datafield tag="653" ind2=" " ind1=" ">
      <subfield code="a">Àrees temàtiques de la UPC::Economia i organització d'empreses::Gestió del coneixement::Sistemes d'informació</subfield>
   </datafield>
   <datafield tag="653" ind2=" " ind1=" ">
      <subfield code="a">Management -- Information services</subfield>
   </datafield>
   <datafield tag="653" ind2=" " ind1=" ">
      <subfield code="a">Application software</subfield>
   </datafield>
   <datafield tag="653" ind2=" " ind1=" ">
      <subfield code="a">Knowledge Based Systems</subfield>
   </datafield>
   <datafield tag="653" ind2=" " ind1=" ">
      <subfield code="a">Numerical Software lntelligent Front Ends</subfield>
   </datafield>
   <datafield tag="653" ind2=" " ind1=" ">
      <subfield code="a">Problem solving environments</subfield>
   </datafield>
   <datafield tag="653" ind2=" " ind1=" ">
      <subfield code="a">Programari d'aplicació</subfield>
   </datafield>
   <datafield tag="653" ind2=" " ind1=" ">
      <subfield code="a">Sistemes d'informació per a la gestió</subfield>
   </datafield>
   <datafield ind2="0" ind1="0" tag="245">
      <subfield code="a">El proyecto SIGEI ("Sistema Inteligente de Gestión Empresarial Informatizada")</subfield>
   </datafield>
</record></metadata></record></GetRecord></OAI-PMH>